Factores que influyen en las acciones sustentables de la bolsa mexicana de valores (Registro nro. 17830)

Detalles MARC
000 -LEADER
fixed length control field 00403 a2200109 4500
001 - CONTROL NUMBER
control field ART_46016
005 - DATE AND TIME OF LATEST TRANSACTION
control field 20260410161731.0
008 - FIXED-LENGTH DATA ELEMENTS--GENERAL INFORMATION
fixed length control field 260409a
100 1# - MAIN ENTRY--PERSONAL NAME
Personal name Morales Castro, José Antonio
245 10 - TITLE STATEMENT
Title Factores que influyen en las acciones sustentables de la bolsa mexicana de valores
773 0# - HOST ITEM ENTRY
Title Escritos contables y de administración
Related parts - Vol. 7, Nº 1 (ene./jun. 2016)
Record control number REV2758

No hay ítems disponibles.